| 000 | 00905cab a2200217 4500 | ||
|---|---|---|---|
| 001 | ABS37956 | ||
| 008 | 090401t1987 xxu||||| |||| 00| 0 eng d | ||
| 035 | _a(Sirsi) u7782 | ||
| 041 | _aeng | ||
| 100 | _aSpurdon, S. | ||
| 245 | _aPI who needs it? | ||
| 260 | _c1987 | ||
| 350 | _a0 | ||
| 490 |
_aMoney Management _vAugust 1987, 47-59 (8) |
||
| 520 | _aDiscusses the market for professional indemnity insurance with particular reference to financial advisers . Includes a table indicating the rising premiums over the last few years of professionals such as architects , surveyors and accountants . Briefly reviews offered by the British Insurance Brokers Association and the Life Insurance Association, and includes coverage of a scheme available to FIMBRA members. | ||
| 650 | _aDEREGULATION | ||
| 650 | _aFINANCIAL SERVICES | ||
| 690 |
_aInsurance _96249 |
||
| 942 | _n0 | ||
| 948 | _c04/03/1997 | ||
| 999 |
_c4733 _d4733 |
||